| 000 | 01847nam a2200205Ia 4500 | ||
|---|---|---|---|
| 003 | Ost | ||
| 005 | 20260507075726.0 | ||
| 008 | 260507s9999||||xx |||||||||||||| ||und|| | ||
| 040 | _cfsecg | ||
| 041 | _aara | ||
| 082 | _a352.96 | ||
| 100 |
_aعلام، سعد طه _eمؤلف |
||
| 245 | 0 |
_aالتخطيط مع حرية السوق / _c سعد طه علام |
|
| 260 |
_aالقاهرة: _bدار طبية للنشر والتوزيع والتجهيزات العلمية, _c2003 |
||
| 300 |
_a231 صفحة؛ _c24 سم |
||
| 520 | _aيعتبر هذا الكتاب (التخطيط مع حرية السوق" نموذجاً يحتذى به في جميع البلدان العربية كقيمة علمية ثابتة في عالم التخطيط، موضحاً الأهمية البالغة للتخطيط في بناء المجتمع الأمثل للتقدم من خلال تطبيقها على أرض الواقع مؤكداً على متابعة تنفيذ عملية التخطيط لتكون في أوج العطاء. جدير بالذكر أن هذا الكتاب من أهم الكتب الاقتصادية التي يهفو لها المهتمون والباحثون الاقتصاديون...تجربة التخطيط في مصر ؛ هيكل النظام التخطيطي اللامركزي ؛ التتخطيط التأشيري للاستثمار ؛ دراسة السوق وتقدير الطلب ركيزة أساسية في اعداد خطة ؛ التخطيط القطاعي -اعداد وتنفيذ خطة قطاع الزراعتة كمثال للخطةة القطاعية ؛ التخطيط على مستوى الوحدة والمشروع ؛ المتابعة والرقابة التخطيط بالمشاركة - الجوانب التطبيقية للتجربة | ||
| 653 | _aالتخطيط | ||
| 653 | _aالسوق | ||
| 942 | _cكتاب | ||
| 999 |
_c45975 _d45975 |
||